000
00317nam a2200121Ia 4500
008
190216s9999||||xx |||||||||||||| ||und||
100
_a
Agarwal Op
245
0
_a
National Defence Academy Examination
260
_b
"Avadh Prakashan , Agra"
_c
1984
300
_a
247p
650
_a
National Defence Academy
942
_c
REF
999
_c
35560
_d
35560